| 000 | 00377nam a2200133 a 4500 | ||
|---|---|---|---|
| 001 | 000040049 | ||
| 005 | 20201002033904.0 | ||
| 008 | 130805s1965 xxu 000 0 spa d | ||
| 040 |
_aDO-SdBNP _bspa _cBNPHU |
||
| 100 | 1 |
_aBrinton, Crane _960522 |
|
| 245 | 1 | 0 |
_aThe anatomy of revolution / _cCrane Brinton. |
| 260 |
_aNew York : _bVintage Books, _c1965. |
||
| 300 |
_a310 p. ; _c19 cm. |
||
| 999 |
_c39539 _d39539 |
||